[Event "ESP-ch U12 rapid"]
[Site "Salobrena"]
[Date "2023.07.15"]
[Round "4"]
[White "Rivero Gil, Carlos"]
[Black "Cid Barrio, Joel"]
[Result "1-0"]
[WhiteElo "1565"]
[BlackElo "1296"]
[PlyCount "63"]
[EventDate "2023.07.15"]
[EventType "swiss (rapid)"]
[EventRounds "9"]
[EventCountry "ESP"]
[SourceTitle "EXT 2024"]
[Source "ChessBase"]
[SourceDate "2023.10.10"]
[SourceVersion "1"]
[SourceVersionDate "2023.10.10"]
[SourceQuality "1"]

1. e4 d5 2. exd5 Nf6 3. d4 Bg4 4. Be2 Bxe2 5. Nxe2 Qxd5 6. 0-0 Nc6 7. c3 0-0-0 8. Be3 e5 9. Nd2 h5 10. c4 Qa5 11. d5 Ne7 12. Nb3 Qb4 13. Qc2 b6 14. Nd2 Kb8 15. a3 Qd6 16. b4 Nc8 17. Nc3 Qd7 18. Nf3 Re8 19. Rad1 Ng4 20. Ne4 Nxe3 21. fxe3 f5 22. Neg5 g6 23. Ne6 e4 24. Ne5 Qh7 25. Nc6+ Kb7 26. c5 Ne7 27. Ne5 Bg7 28. c6+ Kc8 29. Nf7 Rhg8 30. Neg5 Qh6 31. Nxh6 Bxh6 32. h4 1-0